000 00486pab a2200169 454500
008 180718b2005 xxu||||| |||| 00| 0 eng d
100 _aBhattacharya, Mita
245 _aUrban social insurance and worker satisfaction in China: implications for India
260 _c2005
300 _ap.475-94.
362 _aJul-Sep
650 _aWorkers - China
650 _aSocial security - China
650 _aSocial security
773 _aIndian Journal of Labour Economics
909 _a68885
999 _c68885
_d68885